| 000 | 00518nam a2200181 4500 | ||
|---|---|---|---|
| 001 | 7768 | ||
| 005 | 20230410132653.0 | ||
| 008 | 060907n1998 dr spa | ||
| 020 | _a9627010758 | ||
| 035 | _9funglode7834 | ||
| 041 | _aEN | ||
| 050 | 1 | 4 | _aPS 3573 A258 1998 |
| 245 | 0 | 4 |
_aThe aftershock : _bhow an economic earthquake is rattling southeast Asian politics / _cedited by Faith Keenan |
| 260 |
_aHong Kong : _bReview, _c1998 |
||
| 300 | _a263 p. | ||
| 700 | _aKeenan, Faith; ed. | ||
| 942 |
_2lcc _cbk |
||
| 999 |
_c85689 _d85689 |
||